| 000 | 00832nac a22002411u 4500 | ||
|---|---|---|---|
| 008 | 120701s2005 cau||||| |||| 001 0 eng d | ||
| 010 | _a 2003107780 | ||
| 035 | _a(DLC) 2003107780 | ||
| 082 | 0 | 0 |
_a530 _bSER _222 |
| 100 |
_aSerway, Raymond A. _930314 |
||
| 245 | 1 | 0 | _aPhysics for scientists and engineers, with modern physics. |
| 250 |
_a6th ed. / _bRaymond A. Serway, John W. Jewett, Jr. |
||
| 260 |
_aBelmont, CA : _bThomson-Brooks/Cole,2004 _cc2004. |
||
| 300 |
_axxiii, 1552, 64, 4, 28 p. : _bill. (some col.), col. map ; _c29 cm. |
||
| 500 | _aIncludes index. | ||
| 650 | 0 |
_aPhysics. _930315 _2BUEsh |
|
| 651 | _2BUEsh | ||
| 700 | 1 |
_aJewett, John W. _930316 |
|
| 942 |
_cTB _k530 SER _2ddc _hRDA-MOD |
||
| 999 |
_c3 _d3 |
||
| 336 |
_2rdacontent _atext _btxt |
||
| 337 |
_aunmediated _2rdamedia _bn |
||
| 338 |
_avolume _bnc _2rdacarrier |
||